Diputació de Barcelona : Butlletí Oficial de la Província Butlletí Oficial de la Província
Descripción Física:
1 tríptic. [1] f. solt : il. ; 30 cm
MARC
| LEADER | 00000nam a2200000Ia 4500 | ||
|---|---|---|---|
| 001 | 22629 | ||
| 008 | 160829s1992 xx 000 0 cat d | ||
| 080 | |a FU-57-26 | ||
| 245 | |a Diputació de Barcelona : |b Butlletí Oficial de la Província | ||
| 260 | |a Barcelona : |b la Diputació, |c 1992 | ||
| 300 | |a 1 tríptic. [1] f. solt : |b il. ; |c 30 cm | ||
| 650 | |a Legislació |x Barcelona (Província) |x Revistes |9 44598 | ||
| 710 | 1 | |a Barcelona (Catalunya : Província). |b Diputació |9 52408 | |
| 901 | |a Arxiu | ||
| 942 | |n 1 | ||
| 952 | |0 0 |1 0 |4 0 |6 FU5726 |7 1 |9 52026 |a Arxiu |b Arxiu |d 2016-12-01 |l 0 |o FU-57-26 |p 22629 |r 2016-12-01 00:00:00 |w 2016-12-01 |y ARXIU | ||
| 999 | |c 55874 |d 55874 | ||